<?xml version="1.0" encoding="UTF-8"?>
<collection xmlns="http://www.loc.gov/MARC21/slim">
 <record>
  <leader>02009caa a2200349   4500</leader>
  <controlfield tag="001">1796997137</controlfield>
  <controlfield tag="003">DE-627</controlfield>
  <controlfield tag="005">20220822010007.0</controlfield>
  <controlfield tag="007">cr uuu---uuuuu</controlfield>
  <controlfield tag="008">220330s2003    xx |||||oo    00| ||eng c</controlfield>
  <datafield tag="035" ind1=" " ind2=" ">
   <subfield code="a">(DE-627)1796997137</subfield>
  </datafield>
  <datafield tag="035" ind1=" " ind2=" ">
   <subfield code="a">(DE-599)KXP1796997137</subfield>
  </datafield>
  <datafield tag="035" ind1=" " ind2=" ">
   <subfield code="a">(OCoLC)1341494627</subfield>
  </datafield>
  <datafield tag="040" ind1=" " ind2=" ">
   <subfield code="a">DE-627</subfield>
   <subfield code="b">ger</subfield>
   <subfield code="c">DE-627</subfield>
   <subfield code="e">rda</subfield>
  </datafield>
  <datafield tag="041" ind1=" " ind2=" ">
   <subfield code="a">eng</subfield>
  </datafield>
  <datafield tag="084" ind1=" " ind2=" ">
   <subfield code="a">KUNST</subfield>
   <subfield code="q">DE-16</subfield>
   <subfield code="2">fid</subfield>
  </datafield>
  <datafield tag="100" ind1="1" ind2=" ">
   <subfield code="a">Bergman-Carton, Janis</subfield>
   <subfield code="e">VerfasserIn</subfield>
   <subfield code="4">aut</subfield>
  </datafield>
  <datafield tag="245" ind1="1" ind2="5">
   <subfield code="a">&quot;The emergence of Jewish artists in nineteenth-century Europe&quot;</subfield>
   <subfield code="b">The Jewish Museum, New York, 18 november 2001 - 17 march 2002 : [Rezension von: Susan Tumarkian Goodman, ed., The emergence of Jewish artists in nineteenth-century Europe, New York: Merrell Publishing, 2001]</subfield>
   <subfield code="c">Janis Bergman-Carton, Associate Professor and Chair of Art History, Southern Methodist University, Dallas, Texas</subfield>
  </datafield>
  <datafield tag="264" ind1=" " ind2="1">
   <subfield code="c">[2003]</subfield>
  </datafield>
  <datafield tag="336" ind1=" " ind2=" ">
   <subfield code="a">Text</subfield>
   <subfield code="b">txt</subfield>
   <subfield code="2">rdacontent</subfield>
  </datafield>
  <datafield tag="337" ind1=" " ind2=" ">
   <subfield code="a">Computermedien</subfield>
   <subfield code="b">c</subfield>
   <subfield code="2">rdamedia</subfield>
  </datafield>
  <datafield tag="338" ind1=" " ind2=" ">
   <subfield code="a">Online-Ressource</subfield>
   <subfield code="b">cr</subfield>
   <subfield code="2">rdacarrier</subfield>
  </datafield>
  <datafield tag="500" ind1=" " ind2=" ">
   <subfield code="a">Gesehen am 30.03.2022</subfield>
  </datafield>
  <datafield tag="655" ind1=" " ind2="7">
   <subfield code="a">Rezension</subfield>
   <subfield code="0">(DE-588)4049712-4</subfield>
   <subfield code="0">(DE-627)106186019</subfield>
   <subfield code="0">(DE-576)209083166</subfield>
   <subfield code="2">gnd-content</subfield>
  </datafield>
  <datafield tag="773" ind1="0" ind2="8">
   <subfield code="i">Enthalten in</subfield>
   <subfield code="t">Nineteenth century art worldwide</subfield>
   <subfield code="d">College Park, Md. : Univ. of Maryland, 2002</subfield>
   <subfield code="g">2(2003), 1</subfield>
   <subfield code="h">Online-Ressource</subfield>
   <subfield code="w">(DE-627)363760202</subfield>
   <subfield code="w">(DE-600)2107291-7</subfield>
   <subfield code="w">(DE-576)28122398X</subfield>
   <subfield code="x">1543-1002</subfield>
   <subfield code="7">nnns</subfield>
  </datafield>
  <datafield tag="773" ind1="1" ind2="8">
   <subfield code="g">volume:2</subfield>
   <subfield code="g">year:2003</subfield>
   <subfield code="g">number:1</subfield>
  </datafield>
  <datafield tag="787" ind1="0" ind2="8">
   <subfield code="i">Rezension von</subfield>
   <subfield code="t">The emergence of Jewish artists in nineteenth-century Europe</subfield>
   <subfield code="b">1. publ.</subfield>
   <subfield code="d">London : Merrell, 2001</subfield>
   <subfield code="h">192 S.</subfield>
   <subfield code="w">(DE-627)330414380</subfield>
   <subfield code="w">(DE-576)096283335</subfield>
   <subfield code="z">1858941539</subfield>
   <subfield code="z">1858941547</subfield>
  </datafield>
  <datafield tag="856" ind1="4" ind2="0">
   <subfield code="u">https://www.19thc-artworldwide.org/winter03/80-winter03/winter03review/239-the-emergence-of-jewish-artists-in-nineteenth-century-europe</subfield>
   <subfield code="x">Verlag</subfield>
   <subfield code="z">kostenfrei</subfield>
   <subfield code="3">Volltext</subfield>
  </datafield>
  <datafield tag="951" ind1=" " ind2=" ">
   <subfield code="a">AR</subfield>
  </datafield>
  <datafield tag="994" ind1=" " ind2=" ">
   <subfield code="u">https://www.19thc-artworldwide.org/winter03/the-emergence-of-jewish-artists-in-nineteenth-century-europe</subfield>
  </datafield>
  <datafield tag="991" ind1=" " ind2=" ">
   <subfield code="a">Rezension (Monographie, Zeitschrift, Aufsatz)</subfield>
  </datafield>
  <datafield tag="999" ind1=" " ind2=" ">
   <subfield code="a">KXP-PPN1796997137</subfield>
   <subfield code="e">4635343669</subfield>
  </datafield>
 </record>
</collection>
